000 00451cam a2200169ua 4500
020 _a81 259 0113 5
041 _aeng
_h
082 _a004
_bSAV/IN
100 _aSavitha, Balamurali .
245 _aIntroduction to computer science /
_cSavitha Balamurali.
_hTextual Documents
250 _a1 /
_b.
260 _aNew Delhi :
_bVikas publishing house pvt ltd ,
_c1996.
300 _a214 ; .
504 _a
942 _cBK
999 _c10060
_d10060